000 00356nam a2200145Ia 4500
005 20240620011201.0
008 240331s9999 xx 000 0 und d
082 _bGAN
_a891.48
100 _aGanesalingan, S
245 0 _aAjalavargal
_cS.Ganeshalingan
260 _aChennai
_bKumaran Publishers
_c1995
300 _a216 p .,
650 _aSocial
942 _cL
999 _c3931
_d3931